La Llei municipal de Catalunya : 1933-1934 / Lluís Marqués i Carbó ; pròleg i col·laboració de Josep Ma. Escofet i Milà 1933-1934 / Lluís Marqués i Carbó ; pròleg i col·laboració de Josep Ma. Escofet i Milà
ISBN:
84-85332-00-8
Descripción Física:
XXIII, 479 p. ; 16 cm
Otros Autores:
Escofet Milà, Josep Maria
MARC
| LEADER | 00000nam a2200000Ia 4500 | ||
|---|---|---|---|
| 001 | 17293 | ||
| 008 | 160829s9999 xx 000 0 cat d | ||
| 020 | |a 84-85332-00-8 | ||
| 080 | |a D-3-72 | ||
| 100 | |a Marqués Carbó, Luis |9 24231 | ||
| 245 | |a La Llei municipal de Catalunya : |b 1933-1934 / Lluís Marqués i Carbó ; pròleg i col·laboració de Josep Ma. Escofet i Milà | ||
| 250 | |a 3a ed. | ||
| 260 | |a Barcelona : |b S. Rosàs Bayer, DL 1977 | ||
| 300 | |a XXIII, 479 p. ; |c 16 cm | ||
| 590 | |a Facsímil, 1935 | ||
| 650 | |a Dret municipal |x Legislació |x Catalunya |x 1933/1934 |9 28813 | ||
| 700 | |a Escofet Milà, Josep Maria |9 27472 | ||
| 901 | |a Arxiu | ||
| 942 | |n 1 | ||
| 952 | |0 0 |1 0 |4 0 |6 D372 |7 1 |9 44946 |a Arxiu |b Arxiu |d 2016-12-01 |l 0 |o D-3-72 |p 17293 |r 2016-12-01 00:00:00 |w 2016-12-01 |y ARXIU | ||
| 999 | |c 47545 |d 47545 | ||